000 00619nam a2200217Ia 4500
003 OSt
005 20220928135840.0
006 a|||||r|||| 00| 0
007 ta
008 220927b |||||||| |||| 00| 0 eng d
024 _a5160
037 _cTextual
040 _aSDCL
_cSDCL
_beng
041 _2eng
_aeng
082 _aO-,2J64un3,N48, J9
100 _aNicoll Allardyce Ed.
_9475817
245 0 _aShakespeare survey
_b An annual survey of Shakespearian study & production.
260 _c1959
942 _hO-,2J64un3,N48, J9
_cTEXL
_2CC
999 _c808666
_d808666